00777 2200193 4500001002100000005001500021035002000036008004100056245003400097100002200131250000600153260003100159300001200190084001400202082000800216650001000224520033700234990001200571INLIS00000000000110020240522091636 a0010-0524000335240522 1 ind 1 aDifferent /cKadek Pingetania aPingetania, Kadek a1 aJakarta :bGrasindo,c2018 a259 hlm a813 KAD d a813 4aFiksi aSetiap orang terlahir berbeda. Berbeda dari cara mereka berpikir, berperilaku, menjalani hidup, dan masih banyak lagi. Perbedaan bisa jadi menjadi hal yang menyenangkan jika kita menjalani perbedaan tersebut dengan pikiran positif dan dengan sudut pandang yang baik. Perbedaan juga bisa mengajarkan kita untuk menghargai orang lain. a0744078